The theory of functions
Uloženo v:
| Hlavní autor: | |
|---|---|
| Médium: | Kniha |
| Jazyk: | angličtina |
| Vydáno: |
Oxford
Oxford University Press
1939
|
| Vydání: | 2a. ed |
| Témata: | |
| Tagy: |
Přidat tag
Žádné tagy, Buďte první, kdo vytvoří štítek k tomuto záznamu!
|
MARC
| LEADER | 00000nam a2200000 a 4500 | ||
|---|---|---|---|
| 001 | UCP0307 | ||
| 003 | CL-VaPUC | ||
| 008 | 990305e19390000UK |||||||||||||||||eng|d | ||
| 082 | 0 | 4 | |a 515.7 |b TIT |2 21 |
| 100 | 0 | |a Titchmarsh, Edward Charles |e author |9 425482 | |
| 245 | 1 | 4 | |a The theory of functions |
| 250 | |a 2a. ed | ||
| 300 | |a 454 p | ||
| 942 | |c BK | ||
| 945 | |d 19990305 00:00:00 |a crobeson | ||
| 260 | |a Oxford |b Oxford University Press |c 1939 | ||
| 650 | 0 | |a Análisis funcional |9 269993 | |
| 650 | 0 | |a Funciones analíticas |9 270036 | |
| 650 | 0 | |a Series infinitas |9 270114 | |
| 650 | 0 | |a Series de Fourier |9 260465 | |
| 650 | 0 | |a Teoría de la medida |9 260231 | |
| 650 | 0 | |a Análisis complejo |9 260214 | |
| 650 | 0 | |a Números complejos |9 270335 | |
| 583 | |a last modification |c 19990305 00:00:00 |k Rodrigo Vera | ||
| 999 | |c 279133 |d 279131 | ||
| 952 | |0 0 |1 0 |4 0 |6 515_700000000000000_TIT_1939 |7 0 |8 A |9 318052 |a BIBMAT |b BIBMAT |d 2019-11-20 |i 1323768 |o 515.7 TIT 1939 |p 1323768 |r 2025-01-07 |w 2019-11-20 |y BK |k MAT | ||